Normal view
MARC view
Entry Personal Name
001 - CONTROL NUMBER
- control field: 9056
003 - CONTROL NUMBER IDENTIFIER
- control field: ARRUPE
005 - DATE AND TIME OF LATEST TRANSACTION
- control field: 20140312142904.0
008 - FIXED-LENGTH DATA ELEMENTS
- fixed length control field: 140312|| aca||aabn | a|a d
040 ## - CATALOGING SOURCE
- Original cataloging agency: ARRUPE
- Transcribing agency: ARRUPE
100 ## - HEADING--PERSONAL NAME
- Personal name:
- General subdivision: Discovery and Exploration
- Geographic subdivision: South Africa
670 ## - SOURCE DATA FOUND
- Source citation: Work cat.: (ARRUPE)0: Bell, N. [from old catalog] 9055, Heroes of discovery in South Africa,, [1899]